Musicals by Characters - Statistics

General Stats
  • This quiz has been taken 2,681 times
  • The average score is 9 of 17
Answer Stats
Hint Answer % Correct
Elphaba, Glinda, The Wizard Wicked
94%
Jean Valjean, Inspector Javert, Fantine Les Miserables
91%
Roxie Hart, Velma Kelly, Mary Sunshine Chicago
81%
Tracy Turnblad, Edna Turnblad, Motormouth Maybelle Hairspray
80%
Bombalurina, Grizabella, Mr. Mistoffelees Cats
78%
Maria Rainer, The Mother Abbess, Captain Georg von Trapp The Sound of Music
74%
Jane Banks, Michael Banks, Bert Mary Poppins
68%
Henry Higgins, Eliza Doolittle, Colonel Pickering My Fair Lady
67%
The Emcee, Sally Bowles, Fräulein Kost Cabaret
53%
Tevye, Motel Kamzoil, Lazar Wolf Fiddler on the Roof
49%
Elder Kevin Price, Elder Arnold Cunningham, Nabulungi The Book of Mormon
49%
Dolly Levi, Horace Vandergelder, Barnaby Tucker Hello, Dolly!
38%
Princeton, Kate Monster, Trekkie Monster Avenue Q
31%
Max Bialystock, Roger De Bris, Franz Liebkind The Producers
24%
Drew Boley, Sherrie Christian, Stacee Jaxx Rock of Ages
15%
Peggy Sawyer, Dorothy Brock, Bert Barry 42nd Street
12%
Polly Baker, Lank Hawkins, Irene Roth Crazy For You
3%
No matching quizzes found
Score Distribution
Percent of People with Each Score
Percentile by Number Answered
Your Score History
You have not taken this quiz